Algae in agrobiology : realities and perspectives /

Bibliographic Details
Main Author: Fleurence, Joël, 1960- (Author)
Format: eBook
Language:English
Published: London, UK : Hoboken, NJ : ISTE, Ltd. ; John Wiley & Sons, Inc., 2023.
Series:Agriculture, food science and nutrition series
Subjects:
Online Access:Connect to the full text of this electronic book

MARC

Tag First Indicator Second Indicator Subfields
LEADER 00000nam a22000007i 4500
001 in00004743721
006 m o d
007 cr cnu---unuuu
008 230919t20232023enk ob 001 0 eng d
005 20260214202358.2
020 |a 9781394236381  |q electronic book 
020 |a 1394236387  |q electronic book 
024 7 |a 10.1002/9781394236381  |2 doi 
035 |a wil6007436 
035 |a (NhCcYBP)wil6007436 
040 |a NhCcYBP  |b eng  |e rda  |c NhCcYBP 
050 4 |a QK566  |b .F54 2023 
082 0 4 |a 579.8  |2 23/eng/20230921 
100 1 |a Fleurence, Joël,  |d 1960-  |e author. 
245 1 0 |a Algae in agrobiology :  |b realities and perspectives /  |c Joël Fleurence. 
264 1 |a London, UK :  |b ISTE, Ltd. ;  |a Hoboken, NJ :  |b John Wiley & Sons, Inc.,  |c 2023. 
264 4 |c ©2023 
300 |a 1 online resource. 
336 |a text  |b txt  |2 rdacontent 
337 |a computer  |b c  |2 rdamedia 
338 |a online resource  |b cr  |2 rdacarrier 
490 0 |a Agriculture, food science and nutrition series 
505 0 |a Front Matter -- History -- Traditional Applications of Algae in the Cultivation Plants -- Biostimulation Activities on Plant Productions -- Feeding of Livestock -- The Biological Activities of Algae in Plant or Animal Health -- Conclusion -- References -- Index -- Other titles from ISTE in Agriculture, Food Science and Nutrition 
504 |a Includes bibliographical references and index. 
588 |a Description based on online resource; title from digital title page (viewed on September 21, 2023). 
650 0 |a Algae. 
650 0 |a Agricultural microbiology. 
856 4 0 |u http://proxy.library.tamu.edu/login?url=https://onlinelibrary.wiley.com/book/10.1002/9781394236381  |z Connect to the full text of this electronic book  |t 0 
955 |a Wiley EBA record 
975 |p Wiley UBCM Full Collection 2026 
999 f f |s 6486ea41-cde8-4f51-8c0e-7da6ccd3e05d  |i 3459eda0-4eac-4a86-9818-3371a97de943  |t 0 
952 f f |a Texas A&M University  |b College Station  |c Electronic Resources  |s evans_pda  |d Available Online  |t 0  |e QK566 .F54 2023  |h Library of Congress classification 
998 f f |a QK566 .F54 2023  |t 0  |l Available Online